#3 PB152 - Souborové systémy - Statistics

General Stats
  • This quiz has been taken 10 times
  • The average score is 20 of 31
Answer Stats
Hint Answer % Correct
Vzhledem na možnost havárie systému musí být záznamy v žurnálu: Idempotentní
100%
Abychom předešli záměně s uživatelským chápáním pojmu „soubor“, souborům se často říká také: I-uzly
100%
Doba mezi požadavkem a odpovědí Latence
100%
Technologie, která je postavena na systému „obrácené“ virtualizaceSpojuje několik fyzických zařízení do jednoho pomyslného Rovnoměrné rozložení dat mezi všechna fyzická zařízení Pracuje na úrovni blokových zařízení Může být implementován jak hardwarově tak softwarově RAID
100%
Obyčejný soubor, do kterého je možné zapisovat a číst z neho dataData nejsou nikde trvale uložena - zmizí jakmile jsou přečtena Roura
100%
Mnohem rychlejší než nahodilý přístup Sekvenční
100%
Operace s trvalým úložištěm vykazují vysokou míru: Souběžnosti
100%
Nevyužíté voľné miesto, ktoré vzniká kvôli zarovnaniu a rôznej dĺžke súborov Vnitřní fragmentace
100%
Používá se k mapování využitých resp. volných bloků nebo řádků v tabulkáchUdržuje informaci o lineárním sledu bloků Jednoduchá a rychlá Bitmapa
67%
Souhrn dat, které se přesouvají mezi trvalým úložištem a RAM najednou Blok
67%
Značně sofistikovaná datová strukturaOptimalizovaný pro vysokou latenci blokových operací Slouží na vyhledávaní Samovyvažovací Obsahuje vnitřní odkazy B-strom
67%
Umožňuje nám popsat pozici souboru nebo složky v adresářové struktuře Cesta
67%
Základní operace pro práci se souborem Čtení a zápis
67%
Základní stavební kamen souborového systému Datové struktury
67%
Složka s cestou / (dopředné lomítko) Kořenová
67%
Skutečný objekt v souborovém systému, který je reprezentován samostatným i-uzlemObsahuje cestu Měkký odkaz
67%
Řeší opakovaný přístup ke stejným adresám daného datového úložištěNěkterá data načítava s předstihem Mezipaměť
67%
Řeší fyzické umístnení souborů Operační systém
67%
Jmenný prostor souborového systému je mezi všemi procesy Sdílený
67%
Uzel adresářové struktury, který může mít další potomky Složka
67%
Odpovídá klasickému poliSouvislá oblast fixně velkých struktur; zvolených tak, aby se jich do jednoho bloku vešel celočíselný počet Ukládání informací o jednotlivých souborech Tabulka
67%
Situace, kdy několik adresářových položek odkazuje tutéž entitu Tvrdý odkaz
67%
Řeší problém vysoké latence a malé propustnosti v směru od aplikace k trvalému úložištiUchovává požadavky na zápis, které dosud nebyly plně vyřízeny Vyrovnávací paměť
67%
Obsahuje sekvenci záznamů o akcích, které se mají provéstMá jednoduchou strukturu Záznamy jsou na disku uloženy sekvenčně Velmi robustní Snižuje riziko poškození metadat Žurnál
67%
Představuje velmi jednoduchý adresní prostor analogický k virtuálnímu adresnímu prostoruJsou obvykle perzistentní Ukladá data Soubor
33%
Typ šifrování dat na blokové úrovni, který zachovává velikost Symetrická bloková šífra
33%
Jsou do nich seskupeny záznamy v žurnálu Transakce
33%
Fyzické zařízení, ktreré si dlouhodobě (i po vypnutí počítače) pamatuje dataSlouží především k ukládání uživatelsky zajímavých dat Trvalé úložiště
33%
Typ souboru, který reprezentuje periferie, které produkují nebo konzumují sekvence bajtů Znakové zařízení
33%
Tvoří hlavní část spustitelného souboruPři spuštění programu se podle neho inicializuje virtuální adresní prostor Počátečný obraz paměti
0%
Důležitý problém souborového systémuNarušení jednotlivé datové struktury Konfliktní informace v různých datových strukturách Nesoulad mezi metadaty a datovými bloky Porušení konzistence
0%
No matching quizzes found
Score Distribution
Percent of People with Each Score
Percentile by Number Answered
Your Score History
You have not taken this quiz